Deutsche Städte nach Fußballvereinen - Statistiken

Allgemein
  • Dieses Quiz wurde 184 mal gespielt
  • Das Durchschnittsergebnis liegt bei 30 aus 32
Antwortstatistiken
Hint Antwort % Korrekt
Borussia Dortmund|Mönchengladbach
99%
Fortuna Düsseldorf
99%
Eintracht Frankfurt|Braunschweig
99%
Holstein Kiel
99%
1. FC Köln|Nürnberg|Magdeburg|Kaiserslautern|Saarbrücken
99%
Bayer Leverkusen
99%
FC Bayern München
99%
Dynamo Dresden
98%
Hansa Rostock
98%
Union Berlin
97%
Arminia Bielefeld
97%
... 96 Hannover
97%
1860 München
97%
Hertha Berlin
96%
VfB Stuttgart|Lübeck
96%
Erzgebirge Aue
95%
Werder Bremen
95%
Energie Cottbus
94%
Rot-Weiss Erfurt|Essen
94%
... 05 Mainz
94%
Alemannia Aachen
93%
SpVgg Greuther Fürth
93%
VfL Wolfsburg|Bochum|Osnabrück
93%
Preußen Münster
92%
Kickers Offenbach
92%
Lokomotive Leipzig
90%
MSV Duisburg
89%
SC Paderborn|Freiburg|Verl
89%
SSV Jahn Regensburg
88%
VIktoria Berlin|Köln
87%
SV Wehen Wiesbaden
87%
Chemie Leipzig
85%
Keine übereinstimmenden Quizze gefunden
Verteilung der Resultate
Anzahl Personen mit jedem Resultat
Perzentil nach korrekt beantworteten Fragen
Ihre Resultats-Entwicklung
Sie haben dieses Quiz noch nicht gespielt